Central Library OPAC University of Rajshahi

The making of India : (Record no. 55302)

MARC details
000 -LEADER
fixed length control field 00883nam a2200229 a 4500
001 - CONTROL NUMBER
control field 55302
003 - CONTROL NUMBER IDENTIFIER
rucl marc code BD-RjUL
005 - DATE AND TIME OF LATEST TRANSACTION
control field 20211209080239.0
008 - FIXED-LENGTH DATA ELEMENTS--GENERAL INFORMATION
fixed length control field 161116s1925 enkb ab 001 0 eng
035 ## - SYSTEM CONTROL NUMBER
System control number (BD-RjUL)55424
040 ## - CATALOGING SOURCE
Original cataloging agency DLC
Transcribing agency DLC
Language of cataloging eng
Modifying agency BD-RjUL
041 ## - LANGUAGE CODE
Language code of text/sound track or separate title eng
082 ## - DEWEY DECIMAL CLASSIFICATION NUMBER
Edition number 23
Classification number 954
Author mark and year ALM 1925
100 1# - MAIN ENTRY--PERSONAL NAME
Personal name Ali, Abdullah Yusuf,
Dates associated with a name 1872-1952.
9 (RLIN) 164765
245 14 - TITLE STATEMENT
Title The making of India :
Remainder of title a brief history of the different elements, geographical, ethnical, material, moral, and political, that went to the building up of the Indian people with an account of the foundation, consolidation, and progress of British rule in India /
Statement of responsibility, etc. A. Yusuf Ali.
260 ## - PUBLICATION, DISTRIBUTION, ETC. (IMPRINT)
Place of publication, distribution, etc. London :
Name of publisher, distributor, etc. A. & C. Black ,Ltd.,
Date of publication, distribution, etc. 1925.
300 ## - PHYSICAL DESCRIPTION
Pagination xvi, 318 p. :
Size 21 cm.
Illustrations
500 ## - GENERAL NOTE
General note Includes index.
651 #0 - SUBJECT ADDED ENTRY--GEOGRAPHIC NAME
Geographic name India
General subdivision History.
9 (RLIN) 164766
942 ## - ADDED ENTRY ELEMENTS (KOHA)
Source of classification or shelving scheme Dewey Decimal Classification
Koha item type Books
Holdings
Lost status Source of classification or shelving scheme Damaged status Not for loan Collection code Permanent Location Current Location Shelving location Date acquired Source of acquisition Cost, normal purchase price Total Checkouts Full call number Date last seen Copy number Koha item type
  Dewey Decimal Classification     Non-fiction Central Library, University of Rajshahi Central Library, University of Rajshahi   15/03/1963 Zeitlinger 0.00   954 ALM 1925 16/11/2016 C-2 Books